| 000 | 00849nam a2200217Ia 4500 | ||
|---|---|---|---|
| 001 | 7502 | ||
| 005 | 20260323105427.0 | ||
| 008 | 260306t2021||||xx |||||||||||||| ||spa|| | ||
| 041 | _aESP | ||
| 082 |
_a339 _bM22A 2021 |
||
| 100 |
_aMankiw, N. Gregory _eAUT |
||
| 245 | 0 |
_aMacroeconomía: _bversión para América Latina |
|
| 260 | _c2021 | ||
| 300 |
_axxix, 498 páginas : _c27 cm. |
||
| 650 | _aGEN | ||
| 654 | _aCAN | ||
| 856 |
_uhttps://itmsp.museknowledge.com/UCSP?url=https://www.ebooks7-24.com:443/?il=15190&pg=1 _zVersión digital |
||
| 856 |
_uhttps://0u213topd-y-https-ebooks7--24-com.itmsp.museknowledge.com/biblioteca.aspx _zVéase además: Base de datos Ebook7-24 |
||
| 856 |
_uhttps://0u20ftopz-y-https-research-ebsco-com.itmsp.museknowledge.com/c/qxo6us/search _zVéase además: Base de datos EBSCOhost |
||
| 942 |
_cLIB _dJUS _fJUS _2ddc |
||
| 999 |
_c7502 _d7502 |
||